দেওয়ানী কার্যবিধি সংহিতা/ (Record no. 7316)
[ view plain ]
| 000 -LEADER | |
|---|---|
| fixed length control field | 00768nam a22002177a 4500 |
| 003 - CONTROL NUMBER IDENTIFIER | |
| control field | BUBTL |
| 008 - FIXED-LENGTH DATA ELEMENTS--GENERAL INFORMATION | |
| fixed length control field | 240510b ||||| |||| 00| 0 eng d |
| 020 ## - INTERNATIONAL STANDARD BOOK NUMBER | |
| International Standard Book Number | 9848430083 |
| 041 ## - LANGUAGE CODE | |
| Language code of text/sound track or separate title | বাংলা |
| 082 ## - DEWEY DECIMAL CLASSIFICATION NUMBER | |
| Classification number | 347.05/ R1293c/ 2008 |
| 100 ## - MAIN ENTRY--PERSONAL NAME | |
| 9 (RLIN) | 5826 |
| Personal name | রহমান, মোহাম্মদ মজিবর |
| 245 ## - TITLE STATEMENT | |
| Title | দেওয়ানী কার্যবিধি সংহিতা/ |
| Remainder of title | মোহাম্মদ মজিবর রহমান |
| 250 ## - EDITION STATEMENT | |
| Edition statement | ৩য় সং |
| 260 ## - PUBLICATION, DISTRIBUTION, ETC. (IMPRINT) | |
| Place of publication, distribution, etc. | ঢাকা, |
| Name of publisher, distributor, etc. | কামরুল বুক হাউজ |
| Date of publication, distribution, etc. | c2008 |
| 300 ## - PHYSICAL DESCRIPTION | |
| Extent | [xxxviii], 554 p. : |
| Other physical details | ill ; 21 cm. |
| 526 ## - STUDY PROGRAM INFORMATION NOTE | |
| Program name | Law |
| 650 #0 - SUBJECT ADDED ENTRY--TOPICAL TERM | |
| 9 (RLIN) | 2126 |
| Topical term or geographic name as entry element | Law |
| 856 ## - ELECTRONIC LOCATION AND ACCESS | |
| Password | 0 |
| Logon | 0 |
| Link text | Download |
| 942 ## - ADDED ENTRY ELEMENTS (KOHA) | |
| Source of classification or shelving scheme | |
| Koha item type | Books |
| Withdrawn status | Lost status | Source of classification or shelving scheme | Damaged status | Not for loan | Collection code | Permanent location | Current location | Shelving location | Date acquired | Source of acquisition | Inventory number | Total Checkouts | Full call number | Barcode | Date last seen | Copy number | Price effective from | Koha item type |
|---|---|---|---|---|---|---|---|---|---|---|---|---|---|---|---|---|---|---|
| Not For Loan | Non-fiction | Bangladesh University of Business and Technology Library | Bangladesh University of Business and Technology Library | Law Stacks | 04/08/2006 | Purchase | 2820 | 347.05/ R1293c/ 2008 | BUBTL-20032820 | 05/10/2024 | C-1 | 05/10/2024 | Books |
